Marques de téléphonie - Statistiques

Statistiques générales
  • Ce quiz a été pris 84 fois
  • Le résultat moyen est 5 sur 11
Statistiques - réponses
Réponse % Correct
Apple
99%
Samsung
97%
Huawei
68%
Xiaomi
59%
Nokia
56%
Google
33%
Oppo
32%
Sony
32%
LG
29%
Blackberry
27%
One Plus
17%
Aucun quiz correspondant
Distribution des résultats
% des personnes avec chaque résultat
Percentile par nombre de réponses
Votre historique - résultats
Vous n’avez pas pris ce quiz